000 00805nam a22001937a 4500
999 _c372144
_d372144
008 201127b ||||| |||| 00| 0 eng d
040 _aDE-2950
_bger
_cDE-2950
_erda
041 _ager
245 _aKlinikum Frankfurt testet digitalen Medikamentenplan.
_bProjekt. An Wechselwirkungen von Arzneimitteln sterben jährlich Zehntausende Patienten in Deutschland. Für dieses Problem könnte es bald eine Lösung geben. /
_cInes Weber-Rath.
264 _c2023
653 _aFrankfurt (Oder)
653 _aKlinikum
653 _aGeritarische Klinik
773 _dFrankfurt (Oder) Märkisches Verlags- und Druckhaus GmbH & Co KG
_tMärkische Oderzeitung
_g34. Jahrgang (2023) Nr. 16 vom 19.01.2023, S. 15: mit Foto
942 _cA